| 000 | 00731nam a2200277Ia 4500 | ||
|---|---|---|---|
| 001 | 28336 | ||
| 005 | 20240114001043.0 | ||
| 007 | ta | ||
| 008 | 060607s1974 g b000 u 465 u | ||
| 040 | _aCotton College,Assam | ||
| 041 | _a465 | ||
| 082 |
_a181.4 _bSa 74 N |
||
| 100 | _aSharma, Dhirendra . | ||
| 245 | 0 |
_aThe Negative Dialectics / _cDhirendra Sharma. _hTextual Documents |
|
| 250 | _a1st ed. / | ||
| 260 |
_aNew Delhi : _bSterling publishers , _c1974. |
||
| 300 |
_aix,150p. ; _c22cm. |
||
| 653 | _aNegative Dialectics | ||
| 653 | _aIndian Philosophy | ||
| 653 | _aPhilosophy-India | ||
| 653 | _aG-Philosophy | ||
| 942 |
_2ddc _cBK |
||
| 999 |
_c28318 _d28318 |
||